| 000 | 00000nas 2200000za 4500 |
| 001 | 9.802000 |
| 003 | CaOODSP |
| 005 | 20221107134915 |
| 007 | cr ||||||||||| |
| 008 | 150715c20129999oncar p o f0 a0eng|d |
| 022 | |a2369-3843 |
| 040 | |aCaOODSP|beng |
| 043 | |an-cn--- |
| 086 | 1 |aHP37-22E-PDF |
| 222 | 0|aReport on hepatitis B and C in Canada |
| 245 | 00|aReport on hepatitis B and C in Canada |h[electronic resource]. |
| 246 | 3 |iIssues 2019- have title : |aReport on hepatitis B and C surveillance in Canada : … |
| 260 | |a[Ottawa] : |bPublic Health Agency of Canada, |c[2015]- |
| 310 | |aAnnual |
| 362 | 1 |aBegan with 2012. |
| 500 | |aIssued also in French under title: Rapport sur l'hépatite B et l'hépatite C au Canada. |
| 692 | 07|2gccst|aHepatitis |
| 710 | 2 |aPublic Health Agency of Canada. |
| 775 | 08|tRapport sur l'hépatite B et l'hépatite C au Canada |w(CaOODSP)9.802002 |